Libros de matemática a medida. tomo 5 /

Guardado en:
Autor Principal: Pisano, Juan Pablo
Formato: Libro
Publicado: Villa Martelli : Logikamente, 2007
Materias:
Etiquetas: Agregar Etiqueta
Sin Etiquetas, Sea el primero en etiquetar este registro!
LEADER 00791nam a22001815a 4500
001 CEM.cems017394
005 20101204114758.0
008 130507s2007##################000#0#####d
003 CEMS
020 |a 9789872198565 
082 0 4 |a 510 
100 1 |a Pisano, Juan Pablo 
245 1 0 |a Libros de matemática a medida. tomo 5 /  |c Juan Pablo Pisano 
260 |a Villa Martelli :  |b Logikamente,  |c 2007 
300 |a 98 p. 
653 |a Límites i -- límites ii -- límites iii -- límites iv -- derivadas i -- derivadas ii -- derivadas iii -- integrales i -- integrales ii -- sucesiones i -- introducción análisis matemático -- vectores -- matrices -- cónicas 
859 |a CEMS  |b BIB. CEMS - Agricultura  |h 510  |i P672  |p A0673.07  |t Ej.1  |v 5  |3 5 
859 |a CEMS  |b BIB. CEMS - Agricultura  |h 510  |i P672  |p A1207.10  |t Ej.2  |v 5  |3 5